书目信息 |
| 题名: |
漫游西藏
|
|
| 作者: | 廖东凡 著 | |
| 分册: | ||
| 出版信息: | 拉萨 西藏人民出版社 2001.08 |
|
| 页数: | 256页 | |
| 开本: | 20cm | |
| 丛书名: | ||
| 单 册: | ||
| 中图分类: | K927.5 | |
| 科图分类: | ||
| 主题词: | 西藏--概况 | |
| 电子资源: | ||
| ISBN: | 7-223-00943-8 | |
| 000 | 00784nam0 2200229 450 | |
| 001 | 010255594004 | |
| 005 | 20051007175949.93 | |
| 010 | @a7-223-00943-8@dCNY32.00 | |
| 100 | @a20051006d2001 km y0chiy0120 ea | |
| 101 | 0 | @achi |
| 102 | @aCN@b540000 | |
| 105 | @aab z 000y | |
| 200 | 1 | @a漫游西藏@Aman you xi zang@f廖东凡等著@Fliao dong fan deng zhu |
| 205 | @a第2版 | |
| 210 | @a拉萨@c西藏人民出版社@d2001.08 | |
| 215 | @a256页@c照片, 地图@d20cm | |
| 330 | @a本书主要从四个方面对西藏进行了全面的介绍,世界屋脊一节中主要叙述了西藏的地理环境及资源,西藏的历史及宗教;雪域游踪一节中主要介绍了西藏各地主要名胜古迹和旅游景点等。 | |
| 606 | 0 | @a西藏@x概况 |
| 690 | @aK927.5@v4 | |
| 701 | 0 | @a廖东凡@Aliao dong fan@4著 |
| 801 | 0 | @aCN@bQSSK@c20051007 |
| 905 | @a10447@dK927.5@eL466 | |
| 漫游西藏/廖东凡等著.-第2版.-拉萨:西藏人民出版社,2001.08 |
| 256页:照片, 地图;20cm |
| ISBN 7-223-00943-8:CNY32.00 |
| 本书主要从四个方面对西藏进行了全面的介绍,世界屋脊一节中主要叙述了西藏的地理环境及资源,西藏的历史及宗教;雪域游踪一节中主要介绍了西藏各地主要名胜古迹和旅游景点等。 |
| ● |
| 相关链接 |
|
|
|
正题名:漫游西藏
索取号:K927.5/L466
 
预约/预借
| 序号 | 登录号 | 条形码 | 馆藏地/架位号 | 状态 | 备注 |
| 1 | 573592 | 205735926 | 社科库309/309社科库 15排2列5层/ [索取号:K927.5/L466] | 在馆 | |
| 2 | 573593 | 205735935 | 社科库309/309社科库 15排2列5层/ [索取号:K927.5/L466] | 在馆 | |
| 3 | 573594 | 205735944 | 社科库309/309社科库 15排2列5层/ [索取号:K927.5/L466] | 在馆 |